Inštitút otcovskej dovolenky v roku 2023

Nadobudnutím účinnosti zákona č. 350/2022 Z. z., ktorým sa mení a dopĺňa zákon č. 311/2001 Z. z. Zákonník práce v z.n.p. a ktorým sa menia a dopĺňajú niektoré zákony, dňa 1.1. 2022 sa do nášho právneho poriadku zaviedol, okrem iného aj inštitút otcovskej dovolenky, ktorý v podstate predstavuje ekviv...

Ausführliche Beschreibung

Gespeichert in:
Bibliographische Detailangaben
1. Verfasser: Lazoríková, Elena
Format: Buchkapitel
Sprache:Slowakisch
Schlagworte:
Tags: Tag hinzufügen
Keine Tags, Fügen Sie das erste Tag hinzu!

MARC

LEADER 00000naa a2200000 4500
001 0296548
005 20240417075249.6
041 0 |a slo 
044 |a SK 
245 1 0 |a Inštitút otcovskej dovolenky v roku 2023  |c Elena Lazoríková 
520 |a Nadobudnutím účinnosti zákona č. 350/2022 Z. z., ktorým sa mení a dopĺňa zákon č. 311/2001 Z. z. Zákonník práce v z.n.p. a ktorým sa menia a dopĺňajú niektoré zákony, dňa 1.1. 2022 sa do nášho právneho poriadku zaviedol, okrem iného aj inštitút otcovskej dovolenky, ktorý v podstate predstavuje ekvivalent rodičovskej dovolenky otca. Novela sa dotkla nielen Zákonníka práce, ale aj zákona č. 461/2003 Z. z. o sociálnom poistení v z.n.p. a ďalších pracovnoprávnych (služobných), či iných právnych predpisov, platných na území SR. Táto novela Zákonníka práce súčasne mení aj podmienky poskytovania materského, resp. otcovského pre otca v období prvých šiestich týždňov odo dňa pôrodu novorodenca. 
610 2 0 |a rodičovstvo 
610 2 0 |a rodina 
610 2 0 |a právo 
610 2 0 |a legislatíva 
610 2 0 |a zákony 
610 2 0 |a zmennosť 
610 2 0 |a novelizácia 
610 2 0 |a zákonník práce 
100 1 |a Lazoríková, Elena